| 000 | 00621nam a2200217 i 4500 | ||
|---|---|---|---|
| 001 | 5867 | ||
| 003 | ES-MaACL | ||
| 005 | 20230906144718.0 | ||
| 007 | t| | ||
| 008 | 890601s1972 fr ||||1| fre d | ||
| 080 | _a4.01 | ||
| 100 | 1 |
_aParain, Brice. _988919 |
|
| 245 | 1 | 0 |
_aRecherches sur la nature et les fonctions du langage / _cBrice Parain. |
| 260 |
_a[Paris] : _bGallimard, _cD.L. 1972. |
||
| 300 |
_a254 p. ; _c18 cm. |
||
| 490 | 1 |
_aIdees. Philosophie ; _v265 |
|
| 650 | 4 |
_aLenguaje. _914341 |
|
| 830 | 0 |
_aIdees. Philosophie ; _v265 _9222905 |
|
| 852 |
_aES-MaACL _jL-12983 _bR.115486 |
||
| 999 |
_c5867 _d5867 |
||